Statistics for Top 10 Largest Indian States by Area

Click here to take the quiz!

General Stats

  • This quiz has been taken 59 times
  • The average score is 8 of 10

Answer Stats

AreaState% Correct
243,286Uttar Pradesh
96%
130,058Tamil Nadu
94%
308,252Madhya Pradesh
92%
342,269Rajasthan
90%
191,791Karnataka
88%
307,713Maharashtra
88%
160,205Andhra Pradesh
82%
196,024Gujarat
80%
155,820Odisha
73%
135,194Chhattisgarh
59%

Score Distribution

Percentile by Number Answered

Percent of People with Each Score

Your Score History

You have not taken this quiz